| 000 | 00373cam a22001337a 4500 | ||
|---|---|---|---|
| 008 | 180718b1998 xxu||||| |||| 00| 0 eng d | ||
| 082 | _aA81x54 91S | ||
| 100 | _aCensus of India 1991 | ||
| 245 | _aIndia: state profile 1991 | ||
| 260 |
_aDelhi _bThe Controller of Publications _c1998 |
||
| 300 | _a289p. | ||
| 440 | _aCensus of India 1991. India. | ||
| 650 | _aCensus - India | ||
| 999 |
_c486628 _d486628 |
||